000 00664npc a2200205Ia 4500
001 ist87-34042
003 IT-MiCISF
008 161014s9999||||xx | und||
040 _aIT-MiCISF
_cIT-MiCISF
041 _ait
100 _aAA.VV.
245 0 _aI cittadini e l'ambiente nelle grandi città
_bIndagine multiscopo sulle famiglie "Aspetti della vita quotidiana". Anno 1998
250 _a1a ed.
260 _a Roma
_bIstat
_c2001
300 _app. 108
500 _aIstituto Nazionale di Statistica - contiene floppy disk / società, qualità-della-vita, famiglia, statistica /
650 _asocietà
942 _cDD
957 _71
999 _a34042
_bsi
_g1
_c206152
_d206152